1452 1522 1149 1902 1892 1607 1063 1744 1727 1338 1170 1813 1161 1481 1976 1595 1666 1137 1903 1669 1712 1523 1819 1914 1858 1768 1533 1774 1779 1893 1581 1183 1604 1062 1359 1301 1006 1846 1091 1371 1009 1977 1719 1237 1005 1252 1617 1834 1756 1728 1627 1184 1854 1458 1789 1894 1969 1341 1620 1185 1709 1212 1873 1547 1943 1743 1303 1201 1958 1100 1488 1545 1864 1143 1465 1109 1767 1501 1369 1268 1322 1880 1939 1781 1740 1643 1877 1684 1073 1224 1156 1713 1657 1562 1261 1336 1841 1208 1297 BCNSPRNW ULIB Ver.6.0+V

เปลี่ยนเป็นภาษาไทย

Change to English
 แสดงรายละเอียดบรรณานุกรม
  กลับหน้าหลัก

Brief Record : Get Marc (ISO 2709) : E-mail record : QR code < ปิดหน้าต่าง
LEADER : 00000nam 2200000uu 4500
001    13399124818
003     ULIB
008    160331s2016||||th 000 0 eng d
020    ^a9780323169189
060    ^aWQ100 L912M
100 1  ^aLowdermilk, Deitra Leonard
245    ^aMaternity & Women^'s Health Care/^cLowdermilk, Deitra Leonard
250    ^a11st ed
260    ^aSt.Louis,Mo :^bElsevier,^c2016
300    ^a973 pages^bill.
650    ^aWomen^'s Health
650    ^aMaternal^xChild Nursing
700 0  ^aShannon E. Perry
700 0  ^aKitty Cashion
700 0  ^aKathryn Rhodes Alden
945    ^p4840^l0^i000361
999    ^aทศพร
รายการนี้ยังไม่มีแท็ก
คุณยังไม่ได้ล็อกอิน คุณสามารถมีกิจกรรมร่วมกับเว็บไซต์ได้ แต่ต้องล็อกอินก่อน ::
  ล็อกอิน

รายการสื่อสารสนเทศ

ลำดับที่ ประเภท เลขเรียก/บาร์โค้ด สถานที่ สถานะ
1. วิทยาศาสตร์การแพทย์ และสุขภาพ
วิทยาศาสตร์การแพทย์ และสุขภาพ
WQ100 L912M ฉ.1 
  Barcode: 000361
ห้องสมุดวิทยาเขตสวรรค์ประชารักษ์
►หนังสือทั่วไป
บนชั้น

รายการใกล้เคียง
    ผู้แต่ง [Lowdermilk, Deitra Leonard]

BibComment


ยังไม่เคยถูกคอมเมนท์

คอมเมนท์ทรัพยากรรายการนี้
  คอมเมนท์: Maternity Women..


 Copyright 2026. Bcnsprnw @Library